000 00506nam a2200181Ia 4500
003 GCL
008 140319s9999 xx 000 0 ara d
040 _aGCL /
_cGCL
082 0 4 _a530.11
_bم ن
100 1 _aمرسيل داغر
245 1 0 _aالنسبية من نيوتن ... إلى أنشتين /
_cمرسيل داغر
300 _a318
490 _aسلسلة تبسيط العلوم
_v0
650 0 4 _aالرياضيات
650 0 4 _aالنسبية
650 0 4 _aانشتين
942 _2ddc
_cBK
999 _c44150
_d44150